[Event "zonal 2.5"]
[Site "Buenos Aires ARG"]
[Date "2000.07.26"]
[Round "1.1"]
[White "Spangenberg, Hugo"]
[Black "Vasquez Schroder, Rodrigo"]
[Result "0-1"]
[WhiteElo "2542"]
[BlackElo "2454"]
[EventDate "2000.07.26"]
[PlyCount "78"]

1.e4 c5 2.Nf3 d6 3.d4 cxd4 4.Nxd4 Nf6 5.Nc3 a6 6.g3 e6 7.Bg2 Bd7 8.O-O Nc6
9.a4 Be7 10.Nb3 b6 11.f4 O-O 12.g4 g6 13.Be3 Rb8 14.h3 b5 15.Qe2 bxa4 16.
Nxa4 Qc7 17.Nc3 Nb4 18.Qf2 Bc6 19.Nd4 Ba8 20.f5 e5 21.Nb3 d5 22.exd5 Nfxd5
23.Bh6 Nf4 24.Bxf4 exf4 25.Bxa8 Rxa8 26.Qxf4 Qxf4 27.Rxf4 Nxc2 28.Raa4 
Rab8 29.Nd5 Bg5 30.Rf3 Rfd8 31.Ra5 Be3+ 32.Nxe3 Rxb3 33.Re5 f6 34.Re4 gxf5
35.gxf5 Rdd3 36.Kf2 Nd4 37.Rg3+ Kf8 38.Rgg4 Rxb2+ 39.Kg3 Nxf5+ 0-1

[Event "zonal 2.5"]
[Site "Buenos Aires ARG"]
[Date "2000.07.26"]
[Round "1.2"]
[White "Fiorito, Fabian"]
[Black "Slipak, Sergio David"]
[Result "1-0"]
[WhiteElo "2418"]
[BlackElo "2520"]
[EventDate "2000.07.26"]
[PlyCount "117"]

1.g3 d5 2.Bg2 g6 3.f4 Bg7 4.Nf3 c6 5.e3 Bg4 6.h3 Bxf3 7.Qxf3 Nd7 8.O-O e5 
9.fxe5 Nxe5 10.Qf4 Qe7 11.d4 Nc4 12.b3 Nd6 13.c4 dxc4 14.Nc3 O-O-O 15.bxc4
Nf6 16.Rb1 Nh5 17.Qf2 Nxc4 18.Ne4 f5 19.Nc5 b6 20.Qc2 Rxd4 21.Nb3 Re4 22.
Bxe4 Qxe4 23.Qxe4 fxe4 24.g4 Ng3 25.Rf7 Be5 26.Nd4 Bxd4 27.exd4 Ne2+ 28.
Kg2 Kb8 29.Bg5 Re8 30.Rbf1 Nxd4 31.Rxh7 Nf3 32.Bf4+ Ka8 33.h4 Nb2 34.h5 
gxh5 35.gxh5 Nd3 36.Be3 Rg8+ 37.Kh3 Nde5 38.h6 Ng4 39.Rg7 Nxh6 40.Bxh6 Rh8
41.Rg6 Kb7 42.Kg3 c5 43.Kf4 Re8 44.Ke3 Ne5 45.Rg7+ Kc6 46.Kxe4 Kb5 47.Kd5 
Nd3 48.Rxa7 Nb4+ 49.Kd6 Rd8+ 50.Ke6 Nc6 51.Rb1+ Kc4 52.Ra4+ Nb4 53.a3 b5 
54.Ra5 Nc2 55.Rc1 Re8+ 56.Kd6 Re2 57.Be3 b4 58.Rxc5+ Kb3 59.R5xc2 1-0

[Event "zonal 2.5"]
[Site "Buenos Aires ARG"]
[Date "2000.07.26"]
[Round "1.3"]
[White "Giaccio, Alfredo Gustavo"]
[Black "Silva Sanchez, Carlos"]
[Result "1-0"]
[WhiteElo "2505"]
[BlackElo "2015"]
[EventDate "2000.07.26"]
[PlyCount "71"]

1.e4 c5 2.Nf3 d6 3.d4 cxd4 4.Nxd4 Nf6 5.Nc3 a6 6.f4 Qc7 7.a4 g6 8.Bd3 Bg7 
9.Nf3 Nbd7 10.O-O O-O 11.Qe1 e5 12.Kh1 b6 13.Qh4 Bb7 14.fxe5 dxe5 15.Bg5 
Rae8 16.Nd2 Re6 17.Rf3 Nh5 18.Nd5 Bxd5 19.exd5 Rd6 20.Be7 Rxd5 21.Bxf8 
Nxf8 22.Qc4 Qxc4 23.Nxc4 f5 24.Nxb6 Rd6 25.a5 e4 26.Bc4+ Kh8 27.Rff1 Bxb2 
28.Rad1 Rc6 29.g4 Nf6 30.gxf5 Bc3 31.fxg6 Bxa5 32.Nd5 N6d7 33.Rd4 e3 34.
Nxe3 Bb6 35.g7+ Kxg7 36.Rg4+ 1-0

[Event "zonal 2.5"]
[Site "Buenos Aires ARG"]
[Date "2000.07.26"]
[Round "1.4"]
[White "Roselli Mailhe, Bernardo"]
[Black "Rodriguez Vila, Andres"]
[Result "1/2-1/2"]
[WhiteElo "2400"]
[BlackElo "2493"]
[EventDate "2000.07.26"]
[PlyCount "27"]

1.e4 e6 2.d4 d5 3.Nc3 Bb4 4.e5 Ne7 5.a3 Bxc3+ 6.bxc3 c5 7.Nf3 Qa5 8.Bd2 
Nbc6 9.Rb1 c4 10.g3 Qxa3 11.Ra1 Qb2 12.Rb1 Qa3 13.Ra1 Qb2 14.Rb1 1/2-1/2

[Event "zonal 2.5"]
[Site "Buenos Aires ARG"]
[Date "2000.07.26"]
[Round "1.5"]
[White "Sorin, Ariel"]
[Black "Peralta, Eduardo"]
[Result "1-0"]
[WhiteElo "2490"]
[BlackElo "2330"]
[EventDate "2000.07.26"]
[PlyCount "47"]

1.d4 Nf6 2.c4 g6 3.Nc3 Bg7 4.e4 d6 5.Be2 O-O 6.Bg5 c5 7.d5 e6 8.Qd2 exd5 
9.exd5 a6 10.Nf3 Bg4 11.O-O Nbd7 12.h3 Bxf3 13.Bxf3 Qa5 14.Be2 Rab8 15.a4 
Rfe8 16.Qc2 Re7 17.f4 Rbe8 18.Bd3 h6 19.Bh4 Qc7 20.g4 Re3 21.Kg2 Qd8 22.
Rad1 Qc7 23.Rd2 Nh7 24.Nd1 1-0

[Event "zonal 2.5"]
[Site "Buenos Aires ARG"]
[Date "2000.07.26"]
[Round "1.6"]
[White "Salas Arros, Cristian"]
[Black "Ricardi, Pablo"]
[Result "0-1"]
[WhiteElo "2300"]
[BlackElo "2488"]
[EventDate "2000.07.26"]
[PlyCount "152"]

1.e4 c5 2.Nf3 d6 3.d4 cxd4 4.Nxd4 Nf6 5.Nc3 a6 6.Be3 Ng4 7.Bg5 h6 8.Bh4 
Nc6 9.Be2 g5 10.Bg3 Nge5 11.Nb3 Bg7 12.O-O h5 13.f3 Ng6 14.Re1 Be6 15.Bf2 
Rc8 16.Nd4 Nxd4 17.Bxd4 Bxd4+ 18.Qxd4 Qa5 19.Rac1 O-O 20.Red1 Qc5 21.Bf1 
Rc7 22.Qxc5 Rxc5 23.a3 Rfc8 24.Rd2 Kg7 25.Nd1 g4 26.Ne3 gxf3 27.gxf3 Nf4 
28.Kf2 Kf6 29.Ng2 Nxg2 30.Bxg2 Bb3 31.c3 d5 32.f4 dxe4 33.Bxe4 R8c7 34.Rg1
Ba4 35.Ke3 Bc6 36.Bxc6 R7xc6 37.Kf3 Rb6 38.Re1 Rb3 39.Re4 a5 40.Re3 e6 41.
Ree2 Rcb5 42.Rg2 Rf5 43.Ke4 Rc5 44.Kf3 Rb6 45.Rd3 Rc4 46.Re3 Rb5 47.Rd2 
Kf5 48.Rd4 Rxd4 49.cxd4 f6 50.b4 axb4 51.Rb3 Ra5 52.axb4 Ra1 53.Rc3 Rf1+ 
54.Ke3 Rxf4 55.Rc5+ e5 56.dxe5 fxe5 57.Rb5 Rh4 58.Rxb7 Rh3+ 59.Kf2 Rxh2+ 
60.Kf3 Rh3+ 61.Kf2 Rb3 62.Rh7 Kg4 63.Rg7+ Kf4 64.Rf7+ Ke4 65.Rh7 Rb2+ 66.
Kf1 Kf3 67.Rf7+ Ke3 68.Rf5 e4 69.Rxh5 Rb1+ 70.Kg2 Ke2 71.b5 e3 72.Rd5 Rb4 
73.Rg5 Ke1 74.Kg1 e2 75.Kg2 Rb2 76.Rd5 Rd2 0-1

[Event "zonal 2.5"]
[Site "Buenos Aires ARG"]
[Date "2000.07.26"]
[Round "1.7"]
[White "Zarnicki, Pablo"]
[Black "Crosa Coll, Martin"]
[Result "1-0"]
[WhiteElo "2488"]
[BlackElo "2242"]
[EventDate "2000.07.26"]
[PlyCount "53"]

1.e4 c5 2.Nf3 Nc6 3.c3 d6 4.d4 Nf6 5.d5 Nb8 6.Bg5 Nbd7 7.Bd3 h6 8.Bxf6 
Nxf6 9.e5 dxe5 10.Nxe5 Qd6 11.Bb5+ Bd7 12.Qe2 a6 13.Nxd7 Nxd7 14.Bxd7+ 
Qxd7 15.Nd2 Rd8 16.O-O-O Qxd5 17.Ne4 Qc6 18.Rxd8+ Kxd8 19.Rd1+ Kc8 20.Qd3 
Qc7 21.Nxc5 e6 22.Nxa6 Qf4+ 23.Rd2 bxa6 24.g3 Qg5 25.f4 Qe7 26.Qxa6+ Kc7 
27.Rd4 1-0

[Event "zonal 2.5"]
[Site "Buenos Aires ARG"]
[Date "2000.07.27"]
[Round "2.1"]
[White "Vasquez Schroder, Rodrigo"]
[Black "Giaccio, Alfredo Gustavo"]
[Result "1/2-1/2"]
[WhiteElo "2454"]
[BlackElo "2505"]
[EventDate "2000.07.26"]
[PlyCount "29"]

1.d4 Nf6 2.Nf3 e6 3.c4 Bb4+ 4.Nbd2 d5 5.e3 O-O 6.a3 Be7 7.b3 Nbd7 8.Bd3 c5
9.Bb2 dxc4 10.bxc4 b6 11.O-O Bb7 12.Qe2 Qc7 13.Rfd1 Bd6 14.h3 Rfe8 15.Ng5 
1/2-1/2

[Event "zonal 2.5"]
[Site "Buenos Aires ARG"]
[Date "2000.07.27"]
[Round "2.2"]
[White "Ricardi, Pablo"]
[Black "Sorin, Ariel"]
[Result "1/2-1/2"]
[WhiteElo "2488"]
[BlackElo "2490"]
[EventDate "2000.07.26"]
[PlyCount "68"]

1.Nf3 Nf6 2.g3 g6 3.b4 Bg7 4.Bb2 d5 5.Bg2 c6 6.O-O a5 7.bxa5 Rxa5 8.d3 Bg4
9.Nbd2 Nbd7 10.c4 O-O 11.Qc2 Qa8 12.a4 Ne8 13.Rfb1 Bxb2 14.Qxb2 Nd6 15.
cxd5 cxd5 16.Nd4 e5 17.Nb5 Nxb5 18.axb5 Be6 19.Qc3 Ra4 20.Rxa4 Qxa4 21.b6 
Qc6 22.Qxc6 bxc6 23.Nb3 Rb8 24.Na5 Rxb6 25.Rxb6 Nxb6 26.Nxc6 f6 27.f4 exf4
28.gxf4 Kf8 29.Kf2 Ke8 30.Ke3 Kd7 31.Nb4 Kd6 32.Kd4 Bg4 33.e3 Be6 34.Bf3 
g5 1/2-1/2

[Event "zonal 2.5"]
[Site "Buenos Aires ARG"]
[Date "2000.07.27"]
[Round "2.3"]
[White "Rodriguez Vila, Andres"]
[Black "Zarnicki, Pablo"]
[Result "1/2-1/2"]
[WhiteElo "2493"]
[BlackElo "2488"]
[EventDate "2000.07.26"]
[PlyCount "52"]

1.e4 e6 2.d4 d5 3.e5 c5 4.c3 Qb6 5.Nf3 Bd7 6.Bd3 Bb5 7.Bxb5+ Qxb5 8.a4 Qb6
9.a5 Qb5 10.Na3 Qxa5 11.dxc5 Qxc5 12.O-O Ne7 13.Be3 Qc8 14.Qa4+ Nd7 15.c4 
dxc4 16.Nxc4 Nc6 17.Rfd1 Be7 18.Bg5 f6 19.exf6 gxf6 20.Bh6 Qc7 21.Qc2 Kf7 
22.Na5 Nde5 23.Nxe5+ Qxe5 24.Nxc6 bxc6 25.Re1 Qf5 26.Qxc6 Rac8 1/2-1/2

[Event "zonal 2.5"]
[Site "Buenos Aires ARG"]
[Date "2000.07.27"]
[Round "2.4"]
[White "Roselli Mailhe, Bernardo"]
[Black "Fiorito, Fabian"]
[Result "0-1"]
[WhiteElo "2400"]
[BlackElo "2418"]
[EventDate "2000.07.26"]
[PlyCount "96"]

1.e4 c5 2.Nc3 Nc6 3.g3 e6 4.Bg2 Nf6 5.f4 d5 6.e5 Nd7 7.Nf3 Be7 8.O-O O-O 
9.d3 Rb8 10.Qe1 b5 11.a3 a5 12.Ne2 b4 13.axb4 Nxb4 14.Qd1 Nc6 15.Kh1 Bb7 
16.g4 f6 17.exf6 Nxf6 18.Ng3 Bc8 19.h3 Bd6 20.g5 Ne8 21.Nh2 Qc7 22.Qh5 g6 
23.Qh4 Nd4 24.Rf2 Ng7 25.Ng4 Ngf5 26.Nxf5 Nxf5 27.Nh6+ Nxh6 28.Qxh6 Bb7 
29.Qh4 Bc6 30.b3 e5 31.Bd2 exf4 32.Bxa5 Qg7 33.Raf1 f3 34.Bxf3 Qe5 35.Re2 
Rxf3 36.Rxe5 Rxf1+ 37.Kg2 Rbf8 38.Re6 d4+ 39.Re4 R8f4 40.Qg3 Rxe4 41.Qxd6 
Re6+ 42.Qxc6 Rxc6 43.Kxf1 Ra6 44.b4 Kf7 45.Ke2 Ke6 46.Kf3 Kd5 47.Kf4 cxb4 
48.Bxb4 Rc6 0-1

[Event "zonal 2.5"]
[Site "Buenos Aires ARG"]
[Date "2000.07.27"]
[Round "2.5"]
[White "Crosa Coll, Martin"]
[Black "Spangenberg, Hugo"]
[Result "1/2-1/2"]
[WhiteElo "2242"]
[BlackElo "2542"]
[EventDate "2000.07.26"]
[PlyCount "102"]

1.e4 d5 2.exd5 Qxd5 3.Nc3 Qa5 4.Nf3 Nf6 5.Bc4 c6 6.Qe2 Bf5 7.Ne5 Bg6 8.d4 
e6 9.Bd2 Bb4 10.h4 Nbd7 11.h5 Bf5 12.f3 Nxe5 13.dxe5 Nd7 14.O-O-O h6 15.g4
Bh7 16.f4 O-O-O 17.a3 Bxc3 18.Bxc3 Qa4 19.Rd4 c5 20.Bb5 cxd4 21.Bxa4 dxc3 
22.Bxd7+ Rxd7 23.Rd1 cxb2+ 24.Kxb2 Rc7 25.c3 Kb8 26.Rd4 Rhc8 27.Qd2 g6 28.
Rd8 gxh5 29.gxh5 Rxc3 30.Qd6+ Ka8 31.Rxc8+ Rxc8 32.Qd7 Kb8 33.Qxf7 Bf5 34.
Qg7 a5 35.a4 Rc7 36.Qxh6 b6 37.Qf8+ Kb7 38.h6 Ka7 39.Kb3 Kb7 40.Qg8 Bc2+ 
41.Kb2 Bf5 42.Qg2+ Ka7 43.Kb3 Kb8 44.Qg8+ Kb7 45.Qe8 Bc2+ 46.Ka2 Bf5 47.
Kb2 Rc2+ 48.Kb3 Rc7 49.Qg8 Bc2+ 50.Kb2 Bf5 51.Qg2+ Ka7 1/2-1/2

[Event "zonal 2.5"]
[Site "Buenos Aires ARG"]
[Date "2000.07.27"]
[Round "2.6"]
[White "Peralta, Eduardo"]
[Black "Slipak, Sergio David"]
[Result "0-1"]
[WhiteElo "2330"]
[BlackElo "2520"]
[EventDate "2000.07.26"]
[PlyCount "82"]

1.Nf3 Nf6 2.d4 b6 3.Bg5 Bb7 4.Nbd2 c5 5.e3 d6 6.c3 Nbd7 7.Qb3 Qc7 8.Bxf6 
Nxf6 9.Bb5+ Nd7 10.O-O e6 11.e4 Be7 12.d5 e5 13.a4 O-O 14.a5 bxa5 15.Nc4 
Nf6 16.Nxa5 Bc8 17.Nd2 Nh5 18.Nc6 Bg5 19.Nf3 Bh6 20.Ba6 Kh8 21.Bxc8 Qxc8 
22.Qd1 Qg4 23.Nd2 Qg6 24.Nc4 Bg5 25.Ra6 Nf4 26.Qf3 f5 27.N6xe5 Qe8 28.Nc6 
fxe4 29.Qg4 Rf6 30.g3 h5 31.Qd1 Qc8 32.gxf4 Bxf4 33.f3 Qxa6 34.fxe4 Raf8 
35.Kh1 g6 36.Qe2 Kg7 37.b3 Qc8 38.Nxa7 Qh3 39.Qg2 Qh4 40.Ra1 Bxh2 41.Qxh2 
Rf1+ 0-1

[Event "zonal 2.5"]
[Site "Buenos Aires ARG"]
[Date "2000.07.27"]
[Round "2.7"]
[White "Silva Sanchez, Carlos"]
[Black "Salas Arros, Cristian"]
[Result "1/2-1/2"]
[WhiteElo "2015"]
[BlackElo "2300"]
[EventDate "2000.07.26"]
[PlyCount "25"]

1.d4 d5 2.c4 e6 3.Nc3 Nf6 4.Bg5 Be7 5.e3 Nbd7 6.Nf3 c6 7.Bd3 dxc4 8.Bxc4 
Nd5 9.Bxe7 Qxe7 10.Ne4 Qb4+ 11.Qd2 Qxd2+ 12.Kxd2 Ke7 13.Rac1 1/2-1/2

[Event "zonal 2.5"]
[Site "Buenos Aires ARG"]
[Date "2000.07.28"]
[Round "3.1"]
[White "Fiorito, Fabian"]
[Black "Ricardi, Pablo"]
[Result "1/2-1/2"]
[WhiteElo "2418"]
[BlackElo "2488"]
[EventDate "2000.07.26"]
[PlyCount "25"]

1.e4 c5 2.Nf3 d6 3.Bc4 Nc6 4.c3 e6 5.Bb3 Nf6 6.d3 Be7 7.O-O O-O 8.Re1 b6 
9.Nbd2 d5 10.e5 Nd7 11.Nf1 Ba6 12.Bc2 b5 13.a3 1/2-1/2

[Event "zonal 2.5"]
[Site "Buenos Aires ARG"]
[Date "2000.07.28"]
[Round "3.2"]
[White "Giaccio, Alfredo Gustavo"]
[Black "Zarnicki, Pablo"]
[Result "0-1"]
[WhiteElo "2505"]
[BlackElo "2488"]
[EventDate "2000.07.26"]
[PlyCount "80"]

1.e4 e5 2.Nf3 Nf6 3.Nxe5 d6 4.Nf3 Nxe4 5.c4 Nc6 6.Nc3 Nxc3 7.dxc3 Be7 8.
Bd3 Bg4 9.Be4 O-O 10.Qc2 f5 11.Bd5+ Kh8 12.Bd2 Rb8 13.O-O-O Ne5 14.h3 Bxf3
15.gxf3 c6 16.f4 cxd5 17.fxe5 dxe5 18.Be3 d4 19.f4 Qa5 20.cxd4 exd4 21.
Bxd4 Qxa2 22.Rhg1 Bf6 23.Bxf6 Rxf6 24.Rd7 Rg8 25.Rg3 Qa1+ 26.Qb1 Qa4 27.
Qd3 Re6 28.Kd2 Qa1 29.Kc2 Rb6 30.Qd4 Rxb2+ 31.Qxb2 Qa4+ 32.Rb3 Qxd7 33.
Rxb7 Qe6 34.Kb3 Qc6 35.Rb4 a5 36.Rb5 a4+ 37.Kc3 Rc8 38.c5 a3 39.Qe2 a2 40.
Ra5 a1=Q+ 0-1

[Event "zonal 2.5"]
[Site "Buenos Aires ARG"]
[Date "2000.07.28"]
[Round "3.3"]
[White "Sorin, Ariel"]
[Black "Vasquez Schroder, Rodrigo"]
[Result "1/2-1/2"]
[WhiteElo "2488"]
[BlackElo "2454"]
[EventDate "2000.07.26"]
[PlyCount "104"]

1.d4 Nf6 2.c4 e6 3.Nf3 b6 4.g3 Ba6 5.Qa4 c5 6.Bg2 Bb7 7.dxc5 Bxc5 8.Nc3 
O-O 9.O-O Be7 10.Rd1 Na6 11.Be3 Qc7 12.Rac1 Nc5 13.Qc2 Nce4 14.Bd4 Rfd8 
15.Qd3 d6 16.b3 Nxc3 17.Qxc3 Bc6 18.Ne1 Qb7 19.Bxc6 Qxc6 20.Qf3 Qc7 21.Bb2
Nd7 22.Nd3 Bf6 23.Ba3 Nc5 24.Nf4 Rac8 25.Rc2 Be5 26.h4 a6 27.Nh5 Qe7 28.
Qe3 g6 29.Nf4 Qc7 30.h5 Qe7 31.Bb2 Qf6 32.Bc3 Qf5 33.Rcc1 Qe4 34.Qxe4 Nxe4
35.Bxe5 dxe5 36.Nd3 f6 37.hxg6 hxg6 38.Kg2 Kf7 39.Kf3 Nc5 40.Nxc5 bxc5 41.
e3 f5 42.Ke2 e4 43.Rxd8 Rxd8 44.Rd1 Rxd1 45.Kxd1 Ke7 46.Kc2 Kd6 47.Kb2 Kc6
48.Ka3 g5 49.Ka4 Kb6 50.b4 e5 51.a3 g4 52.Kb3 Kc6 1/2-1/2

[Event "zonal 2.5"]
[Site "Buenos Aires ARG"]
[Date "2000.07.28"]
[Round "3.4"]
[White "Slipak, Sergio David"]
[Black "Rodriguez Vila, Andres"]
[Result "0-1"]
[WhiteElo "2520"]
[BlackElo "2493"]
[EventDate "2000.07.26"]
[PlyCount "80"]

1.d4 Nf6 2.Nf3 e6 3.e3 b6 4.Bd3 Bb7 5.O-O c5 6.c4 Nc6 7.Nc3 Be7 8.d5 Nb4 
9.Be2 d6 10.e4 O-O 11.h3 Nd7 12.Be3 Na6 13.Qd2 Nc7 14.a4 e5 15.a5 Ne8 16.
Ra3 g6 17.Bh6 Ng7 18.Ng5 Nf6 19.f4 exf4 20.Qxf4 Nfh5 21.Qh4 bxa5 22.g4 f6 
23.Ne6 Nxe6 24.dxe6 Ng7 25.Nd5 Rb8 26.g5 Bxd5 27.exd5 Rxb2 28.Qe1 fxg5 29.
Bxg7 Kxg7 30.Rxf8 Qxf8 31.Rf3 Bf6 32.Kh1 a4 33.Bd1 Rb1 34.Kg2 Qe7 35.Qf1 
Ra1 36.Qe1 a3 37.Rxf6 Qxf6 38.e7 Ra2+ 39.Kh1 Qf4 40.e8=N+ Kf8 0-1

[Event "zonal 2.5"]
[Site "Buenos Aires ARG"]
[Date "2000.07.28"]
[Round "3.6"]
[White "Silva Sanchez, Carlos"]
[Black "Crosa Coll, Martin"]
[Result "0-1"]
[WhiteElo "2015"]
[BlackElo "2242"]
[EventDate "2000.07.26"]
[PlyCount "82"]

1.Nf3 Nf6 2.c4 g6 3.g3 Bg7 4.Bg2 O-O 5.O-O d6 6.Nc3 Nc6 7.d4 a6 8.h3 Bd7 
9.Be3 Rb8 10.b3 b5 11.d5 Na5 12.cxb5 axb5 13.Rc1 b4 14.Na4 Rb5 15.Ne1 Qb8 
16.Bd4 Rc8 17.Nd3 Nxd5 18.Ndc5 Bxd4 19.Qxd4 Nb6 20.Nd3 Nxa4 21.bxa4 Rb6 
22.Qh4 Re8 23.Nf4 c6 24.Qg5 Ra6 25.h4 Qd8 26.Nd3 c5 27.h5 e6 28.Qf4 Bxa4 
29.hxg6 hxg6 30.Rxc5 dxc5 31.Nxc5 Bb5 32.Qxb4 Bxe2 33.Re1 Bc4 34.Nxa6 Bxa6
35.Re5 Nc4 36.Re4 Qd1+ 37.Kh2 Rc8 38.Rh4 Qc2 39.Qe1 Qxa2 40.Qe4 Qxf2 41.
Rf4 Qb2 0-1

[Event "zonal 2.5"]
[Site "Buenos Aires ARG"]
[Date "2000.07.28"]
[Round "3.7"]
[White "Salas Arros, Cristian"]
[Black "Peralta, Eduardo"]
[Result "1/2-1/2"]
[WhiteElo "2300"]
[BlackElo "2330"]
[EventDate "2000.07.26"]
[PlyCount "109"]

1.d4 Nf6 2.c4 c5 3.e3 g6 4.Nf3 Bg7 5.Nc3 O-O 6.Be2 d6 7.O-O Nc6 8.d5 Na5 
9.Qc2 e5 10.dxe6 Bxe6 11.Nd2 a6 12.Rd1 Qe7 13.b3 Bf5 14.Bd3 Bg4 15.Re1 Nc6
16.a3 Ne5 17.Bb2 Rfe8 18.Bf1 Rab8 19.h3 Bd7 20.f4 Nc6 21.Nd5 Qd8 22.Rad1 
Bf5 23.Qc1 b5 24.g4 Bd7 25.Qa1 Nxd5 26.cxd5 Bxb2 27.Qxb2 Na7 28.Bg2 f5 29.
gxf5 gxf5 30.Kh2 h6 31.Bf3 Kh7 32.Rg1 Qe7 33.e4 Rg8 34.Qc3 b4 35.Qe3 bxa3 
36.e5 Nb5 37.e6 Nd4 38.Bh5 a2 39.Bf7 Rxg1 40.Rxg1 Bb5 41.Ra1 Rf8 42.Qf2 
Rxf7 43.exf7 Qxf7 44.Nf3 Qxd5 45.Nxd4 cxd4 46.Rxa2 Qxb3 47.Rd2 Qe3 48.Qxe3
dxe3 49.Rxd6 e2 50.Re6 Kg7 51.Kg1 Kf7 52.Re3 Kf6 53.Kf2 Kf7 54.Re5 Kf6 55.
Re3 1/2-1/2

[Event "zonal 2.5"]
[Site "Buenos Aires ARG"]
[Date "2000.07.29"]
[Round "4.2"]
[White "Rodriguez Vila, Andres"]
[Black "Sorin, Ariel"]
[Result "0-1"]
[WhiteElo "2493"]
[BlackElo "2488"]
[EventDate "2000.07.26"]
[PlyCount "74"]

1.e4 e5 2.Nf3 Nc6 3.Bc4 Bc5 4.c3 Nf6 5.d3 a6 6.O-O d6 7.Bb3 Ba7 8.Nbd2 O-O
9.Re1 Be6 10.Nf1 Qd7 11.Bc2 h6 12.h3 Rfe8 13.d4 exd4 14.cxd4 d5 15.e5 Ne4 
16.Be3 Nb4 17.Bb1 c5 18.dxc5 Bxc5 19.Bxc5 Nxc5 20.Ng3 Qa4 21.Qd2 Rad8 22.
Nh5 Ne4 23.Qf4 g5 24.Nf6+ Kf8 25.Qe3 Nxf6 26.exf6 Bc8 27.Qc5+ Kg8 28.Re7 
Nc6 29.Nxg5 Nxe7 30.Bh7+ Kf8 31.Re1 Qd7 32.Bf5 Qd6 33.Nh7+ Kg8 34.Qxd6 
Rxd6 35.Bxc8 Rxc8 36.fxe7 Re8 37.Ng5 hxg5 0-1

[Event "zonal 2.5"]
[Site "Buenos Aires ARG"]
[Date "2000.07.29"]
[Round "4.3"]
[White "Ricardi, Pablo"]
[Black "Vasquez Schroder, Rodrigo"]
[Result "1/2-1/2"]
[WhiteElo "2488"]
[BlackElo "2454"]
[EventDate "2000.07.26"]
[PlyCount "106"]

1.e4 e6 2.d4 d5 3.Nc3 Bb4 4.e5 c5 5.a3 Bxc3+ 6.bxc3 Ne7 7.Nf3 b6 8.a4 Ba6 
9.Bxa6 Nxa6 10.O-O Nb8 11.a5 Nd7 12.Qd3 h6 13.Ba3 O-O 14.dxc5 bxc5 15.a6 
Qc7 16.c4 Rfd8 17.cxd5 Nxd5 18.Qe4 Rab8 19.h3 Rb6 20.c4 Nb4 21.Rad1 Rxa6 
22.Bc1 Nf8 23.Be3 Rc6 24.Qg4 Ng6 25.h4 Kf8 26.h5 Ne7 27.Nh4 Nc2 28.Qe4 
Nxe3 29.fxe3 Kg8 30.Qf3 Rf8 31.Ng6 Nxg6 32.hxg6 f6 33.exf6 gxf6 34.Rd2 Qc8
35.g7 Kxg7 36.Qg4+ Kh7 37.Rfd1 Rc7 38.Rd6 f5 39.Qf3 Rg7 40.Rc6 Qb7 41.Kh1 
Rf6 42.Rd8 Rfg6 43.Rcc8 Qb1+ 44.Kh2 Rg5 45.Rh8+ Kg6 46.Rcg8 Qb2 47.Rb8 Qa1
48.Qc6 Qe5+ 49.Kg1 Qxe3+ 50.Kf1 Qd3+ 51.Ke1 Qe3+ 52.Kf1 Qf4+ 53.Ke1 Qe3+ 
1/2-1/2

[Event "zonal 2.5"]
[Site "Buenos Aires ARG"]
[Date "2000.07.29"]
[Round "4.4"]
[White "Crosa Coll, Martin"]
[Black "Giaccio, Alfredo Gustavo"]
[Result "1-0"]
[WhiteElo "2242"]
[BlackElo "2505"]
[EventDate "2000.07.26"]
[PlyCount "89"]

1.e4 e6 2.d4 d5 3.e5 c5 4.Nf3 cxd4 5.Bd3 Nc6 6.O-O Qb6 7.Re1 Nge7 8.a3 a5 
9.Qe2 Bd7 10.h4 a4 11.Nbd2 h6 12.h5 g5 13.Nh2 Bg7 14.Ng4 Na7 15.c4 dxc3 
16.bxc3 Nac6 17.Rb1 Qc7 18.Bb2 Nf5 19.c4 O-O 20.Nf3 Na5 21.cxd5 exd5 22.e6
fxe6 23.Bxg7 Nxg7 24.Nxh6+ Kh8 25.Nxg5 Qf4 26.Qe3 Nxh5 27.Qe5+ Qxe5 28.
Nhf7+ Kg7 29.Nxe5 Bc8 30.Rbc1 Nc6 31.Nxc6 bxc6 32.g3 Re8 33.Rxc6 Kf6 34.
Nf3 Rb8 35.Rb1 Rxb1+ 36.Bxb1 Bd7 37.Rc7 Rb8 38.Bc2 Rb2 39.g4 Rxc2 40.Rxc2 
Nf4 41.Rc7 Be8 42.Rc8 Ne2+ 43.Kf1 Bb5 44.Ke1 d4 45.Rb8 1-0

[Event "zonal 2.5"]
[Site "Buenos Aires ARG"]
[Date "2000.07.29"]
[Round "4.5"]
[White "Spangenberg, Hugo"]
[Black "Salas Arros, Cristian"]
[Result "0-1"]
[WhiteElo "2542"]
[BlackElo "2300"]
[EventDate "2000.07.26"]
[PlyCount "126"]

1.e4 e5 2.Nf3 Nc6 3.Bb5 a6 4.Ba4 Nf6 5.O-O Nxe4 6.d4 b5 7.Bb3 d5 8.dxe5 
Be6 9.Nbd2 Nc5 10.c3 Bg4 11.Bc2 Qd7 12.Re1 Rd8 13.Nb3 Ne6 14.Qd3 Bh5 15.
Nfd4 Ncxd4 16.cxd4 Bg6 17.Qe2 a5 18.Bd3 Bxd3 19.Qxd3 a4 20.Nd2 c5 21.dxc5 
Bxc5 22.Nf3 O-O 23.Bg5 Rb8 24.Rad1 h6 25.Be3 d4 26.Bd2 Qd5 27.a3 Rfc8 28.
Nh4 Bf8 29.Nf5 Qb3 30.Bc1 Qxd3 31.Rxd3 Rc4 32.Red1 Rbc8 33.Bd2 R8c5 34.f4 
Rc2 35.b4 axb3 36.Rxb3 Ra2 37.Rg3 g6 38.Nd6 Bxd6 39.exd6 Rd5 40.f5 Rxf5 
41.Bb4 Rc2 42.Rf1 Rd5 43.Rgf3 f5 44.h4 h5 45.R3f2 d3 46.Rd1 Nc5 47.Rf3 d2 
48.Rc3 Rxc3 49.Bxc3 Ne4 50.Bb4 Kf7 51.Kf1 Ke6 52.Ke2 f4 53.Ra1 Kf5 54.Rb1 
Kg4 55.Rd1 Nxd6 56.Rxd2 Rxd2+ 57.Bxd2 Nc4 58.Bc1 Kxh4 59.Bxf4 Nxa3 60.Kf3 
Nc4 61.Bc7 Kg5 62.Ke4 b4 63.Kd3 b3 0-1

[Event "zonal 2.5"]
[Site "Buenos Aires ARG"]
[Date "2000.07.29"]
[Round "4.6"]
[White "Slipak, Sergio David"]
[Black "Roselli Mailhe, Bernardo"]
[Result "0-1"]
[WhiteElo "2520"]
[BlackElo "2400"]
[EventDate "2000.07.26"]
[PlyCount "118"]

1.d4 Nf6 2.c4 g6 3.Nc3 Bg7 4.Nf3 O-O 5.Bg5 d6 6.e3 c5 7.d5 Na6 8.Nd2 Nc7 
9.a4 h6 10.Bh4 e5 11.Bd3 Qd7 12.O-O Nh7 13.Qc2 f5 14.f3 g5 15.Bf2 Nf6 16.
Kh1 a5 17.Nb5 Nce8 18.Nb1 h5 19.N1c3 Bh6 20.Be2 Ng7 21.Ra3 b6 22.Be1 Rb8 
23.Bd2 Rb7 24.Kg1 Qd8 25.Kf2 Re7 26.Ke1 e4 27.Kd1 exf3 28.gxf3 g4 29.f4 
Rfe8 30.Kc1 Kh7 31.Nd1 Ne4 32.Be1 Rb7 33.Bd3 Qf6 34.Nbc3 Qg6 35.Kb1 Kg8 
36.Qg2 Rf8 37.Nxe4 fxe4 38.Bxe4 Bf5 39.Bxf5 Nxf5 40.Ka2 Re7 41.e4 Nd4 42.
f5 Qe8 43.Nc3 Nxf5 44.exf5 Rxe1 45.Rxe1 Qxe1 46.Rb3 Bg7 47.Ne4 Rxf5 48.
Rxb6 Rf1 49.Rb8+ Kh7 50.Qc2 Kh6 51.Rd8 Be5 52.Nd2 Rf2 53.Rg8 Bg7 54.Rd8 
Qe5 55.Qc1 Qf4 56.Qc2 Rxd2 57.Rxd6+ Kg5 58.Qg6+ Kh4 59.Qxg7 Qxc4+ 0-1

[Event "zonal 2.5"]
[Site "Buenos Aires ARG"]
[Date "2000.07.29"]
[Round "4.7"]
[White "Peralta, Eduardo"]
[Black "Silva Sanchez, Carlos"]
[Result "0-1"]
[WhiteElo "2330"]
[BlackElo "2015"]
[EventDate "2000.07.26"]
[PlyCount "106"]

1.d4 Nf6 2.Nf3 g6 3.Nc3 d5 4.Bg5 Bg7 5.Bxf6 Bxf6 6.e4 dxe4 7.Nxe4 Bg7 8.
Bc4 O-O 9.c3 Nd7 10.O-O Nf6 11.Nxf6+ Bxf6 12.Re1 Bg4 13.h3 Bxf3 14.Qxf3 b6
15.Rad1 Qd6 16.Re4 Qc6 17.Bb3 a5 18.a4 Rad8 19.h4 Kg7 20.h5 b5 21.hxg6 
hxg6 22.Qe2 Rb8 23.d5 Qb6 24.Rd2 Bg5 25.Rc2 bxa4 26.Bxa4 Qd6 27.Bc6 Rh8 
28.g3 Rh5 29.Qf3 Rbh8 30.Rce2 Bf6 31.Re1 Qd8 32.Ra4 Qb8 33.Re2 Qb3 34.Qd3 
Rh1+ 35.Kg2 R1h2+ 36.Kg1 Qb8 37.Rf4 Qc8 38.d6 cxd6 39.Bd5 e6 40.Rxf6 Kxf6 
41.Qd4+ e5 42.Qa7 R8h7 43.Re3 R2h5 44.Qb6 Kg7 45.Qxd6 Qf5 46.Re1 Qf6 47.
Qc7 Rf5 48.Qa7 Rh8 49.Qxa5 Rd8 50.Qc5 Rh5 51.Be4 Rd2 52.b4 Qd8 53.b5 Re2 
0-1

[Event "zonal 2.5"]
[Site "Buenos Aires ARG"]
[Date "2000.07.30"]
[Round "5.1"]
[White "Fiorito, Fabian"]
[Black "Sorin, Ariel"]
[Result "1/2-1/2"]
[WhiteElo "2418"]
[BlackElo "2490"]
[EventDate "2000.07.26"]
[PlyCount "21"]

1.d4 d5 2.c4 c6 3.cxd5 cxd5 4.Nc3 Nc6 5.Nf3 Nf6 6.Bf4 e6 7.e3 Bd6 8.Bxd6 
Qxd6 9.Be2 O-O 10.O-O b6 11.Rc1 1/2-1/2

[Event "zonal 2.5"]
[Site "Buenos Aires ARG"]
[Date "2000.07.30"]
[Round "5.2"]
[White "Crosa Coll, Martin"]
[Black "Ricardi, Pablo"]
[Result "0-1"]
[WhiteElo "2242"]
[BlackElo "2488"]
[EventDate "2000.07.26"]
[PlyCount "139"]

1.e4 c5 2.Nf3 d6 3.d4 cxd4 4.Nxd4 Nf6 5.Nc3 g6 6.Be3 Bg7 7.f3 Nc6 8.Qd2 
O-O 9.Bc4 Na5 10.Bb3 a6 11.O-O-O b5 12.Bh6 Bd7 13.h4 Nxb3+ 14.cxb3 b4 15.
Nce2 a5 16.h5 Bxh6 17.Qxh6 a4 18.bxa4 Rxa4 19.hxg6 fxg6 20.Kb1 Qa5 21.Nb3 
Qa7 22.Nbc1 Ra8 23.Kc2 Rxa2 24.Nxa2 b3+ 25.Kd2 bxa2 26.Qe3 Qa5+ 27.Qc3 
Qg5+ 28.Qe3 Qa5+ 29.Qc3 Qg5+ 30.Qe3 Qb5 31.Qd4 Ra4 32.Qd3 Qxb2+ 33.Qc2 Qb6
34.Ra1 Qa5+ 35.Qc3 Qb5 36.Qd3 Qb6 37.Qc2 Qa7 38.Qb3+ Kg7 39.Qe3 Qb7 40.Qc3
Be6 41.Rhc1 Rc4 42.Qa3 Rb4 43.Rc2 Rb3 44.Qa5 Nxe4+ 45.fxe4 Qxe4 46.Qg5 
Qb4+ 47.Nc3 Rxc3 48.Qxe7+ Bf7 49.Rxc3 Qb2+ 50.Rc2 Qd4+ 51.Ke2 Qxa1 52.Qxd6
Qf6 53.Qxf6+ Kxf6 54.Rc1 Ke5 55.Ke3 Bc4 56.Ra1 h5 57.g3 Bd5 58.Rc1 Kf5 59.
Ra1 Kg4 60.Kf2 Bb3 61.Kg2 Bc4 62.Kf2 Bd5 63.Re1 Kf5 64.Ke3 Be4 65.Rc1 Bb1 
66.Rc5+ Kg4 67.Ra5 Kxg3 68.Rg5+ Kh4 69.Ra5 Kg4 70.Ra4+ 0-1

[Event "zonal 2.5"]
[Site "Buenos Aires ARG"]
[Date "2000.07.30"]
[Round "5.3"]
[White "Vasquez Schroder, Rodrigo"]
[Black "Zarnicki, Pablo"]
[Result "1/2-1/2"]
[WhiteElo "2454"]
[BlackElo "2488"]
[EventDate "2000.07.26"]
[PlyCount "23"]

1.Nf3 Nf6 2.c4 g6 3.d4 Bg7 4.g3 O-O 5.Bg2 d6 6.O-O Nbd7 7.Nc3 e5 8.e4 exd4
9.Nxd4 Re8 10.h3 Nc5 11.Re1 Bd7 12.Rb1 1/2-1/2